Laddar...

Patraklarita ki khurdari Zameen(H)

Bibliografiska uppgifter
Huvudupphovsman: Rakesh Tiwari
Materialtyp: Printed Book
Språk:Undetermined
Publicerad: NewDelhi : Vani Prakasan, 2015
Ämnen:
LEADER 00455nam a2200133Ia 4500
008 200324s9999 xx 000 0 und d
082 |a 70  |b RAK-P 
100 |a Rakesh Tiwari 
245 0 |a Patraklarita ki khurdari Zameen(H) 
260 |a NewDelhi :  |b Vani Prakasan,  |c 2015 
650 |a journalism--hindi 
942 |c BK 
999 |c 287930  |d 287930 
952 |0 0  |1 0  |4 0  |6 070_000000000000000_RAKP  |7 0  |9 306466  |a SDE  |b SDE  |d 2019-04-11  |l 0  |o 070 RAK-P  |p SDE23918  |r 2020-03-27  |w 2020-03-27  |y BK